| 000 | 01195nam a2200241Ia 4500 | ||
|---|---|---|---|
| 003 | Ost | ||
| 005 | 20260507075204.0 | ||
| 008 | 260507s9999||||xx |||||||||||||| ||und|| | ||
| 020 | _a53752499539 | ||
| 040 | _cfsecg | ||
| 041 | _aara | ||
| 082 | _a330 | ||
| 100 |
_aالأسعد، بشار محمد _eمؤلف |
||
| 245 | 0 |
_aالفعالية الدولية للتحكيم في منازعات عقود الاستثمار الدولية : _bدراسة في ضوء التحكيم و الاتفاقيات الدولية و التشريعات الوطنية / _c بشار محمد الأسعد |
|
| 260 |
_aبيروت: _bمنشورات الحلبي الحقوقية, _c2009 |
||
| 300 |
_a199 صفحة؛ _bإيضاحات ؛ _c24 سم |
||
| 504 | _aمراجع ص.185 | ||
| 520 | _aفكرة التحكيم في منازعات عقود الإستثمار- المبادئ اللازمة لضمان فعالية التحكيم في منازعات عقود الإستثمار- دور المركز الدولي في تسوية منازعات الاستثمار. | ||
| 653 | _aالتحكيم | ||
| 653 | _aالتحكيم التجاري | ||
| 653 | _aعقود الاستثمار | ||
| 942 | _cكتاب | ||
| 999 |
_c43419 _d43419 |
||